000 00620nam a2200217 a 4500
003 DO-SdBNP
005 20180215134402.0
008 150826s2003 fr a 000 0 spa d
020 _a9782218741142
040 _aBPMSU
_bspa
_cBPMSU
082 4 _axxxx
_bG861e
100 1 _aGrimaud, Michel
245 1 3 _aL´enfant de la mer /
_cMichel Grimaud, Bruno Polorget
260 _aParis :
_bRibambelle, Hatier,
_c2003.
300 _a63 p. :
_bil. ;
_c20 cm.
500 _aMétodo de lectura CE1
910 _a00144
942 _2ddc
_cBK
945 _aInventariado, 2018/MFF
956 _aYngrid Lockward
_b10
_2YLOCKWARD
_8BPMSU
999 _c9745
_d9745